Catalog

Record Details

Catalog Search



A black hole is not a hole  Cover Image Book Book

A black hole is not a hole / Carolyn Cinami DeCristofano ; Illustrated by Michael Carroll.

Summary:

An examination of black holes that discusses what they are, what causes them, how they are discovered, and more.

Record details

  • ISBN: 9781570917837
  • ISBN: 1570917833
  • Physical Description: 74 pages : color illustrations ; 26 cm
  • Publisher: Watertown, MA : Charlesbridge, ©2011.

Content descriptions

General Note:
Includes index.
Formatted Contents Note:
Places with pull -- The pulling power of a black hole -- Black-hole beginnings -- The blackness of black holes -- Mission impossible? seeking the invisible -- Supersized surprises -- Close encounters of the imaginary kind -- Turning the universe upside-down.
Target Audience Note:
Middle School.
900 Lexile.
Study Program Information Note:
Accelerated Reader 6.1.
Reading Counts! 6.2.
Awards Note:
A Junior Library Guild Selection.
Subject: Black holes (Astronomy) > Juvenile literature.

Available copies

  • 1 of 1 copy available at scottsboropl.

Holds

  • 0 current holds with 1 total copy.
Show Only Available Copies
Location Call Number / Copy Notes Barcode Shelving Location Status Due Date
scottsboropl J 523.8 DeC 32269001113250 Juvenile - NonFiction Available -

LDR 01682nam a2200385Ma 4500
001151059
003CONS
00520190513144835.0
008100617s2011 maua j 001 0 eng
010 . ‡a 2010022764
020 . ‡a9781570917837 ‡q(hardback)
020 . ‡a1570917833 ‡q(hardback)
035 . ‡a(CPomAG)LMN612336
05000. ‡aQB843.B55 ‡bD43 2011
08200. ‡a523.8/875 ‡222
1001 . ‡aDeCristofano, Carolyn Cinami.
24512. ‡aA black hole is not a hole / ‡cCarolyn Cinami DeCristofano ; Illustrated by Michael Carroll.
260 . ‡aWatertown, MA : ‡bCharlesbridge, ‡c©2011.
300 . ‡a74 pages : ‡bcolor illustrations ; ‡c26 cm
336 . ‡atext ‡btxt ‡2rdacontent
337 . ‡aunmediated ‡bn ‡2rdamedia
338 . ‡avolume ‡bnc ‡2rdacarrier
500 . ‡aIncludes index.
5050 . ‡aPlaces with pull -- The pulling power of a black hole -- Black-hole beginnings -- The blackness of black holes -- Mission impossible? seeking the invisible -- Supersized surprises -- Close encounters of the imaginary kind -- Turning the universe upside-down.
520 . ‡aAn examination of black holes that discusses what they are, what causes them, how they are discovered, and more.
521 . ‡aMiddle School.
5218 . ‡a900 ‡bLexile.
5260 . ‡aAccelerated Reader ‡c6.1.
5260 . ‡aReading Counts! ‡c6.2.
5868 . ‡aA Junior Library Guild Selection.
650 0. ‡aBlack holes (Astronomy) ‡vJuvenile literature.
7001 . ‡aCarroll, Michael.
914 . ‡aSCP_LP
959 . ‡i32269001113250 ‡lYA 523.8 DeC ‡aYoung Adult - NonFiction ‡tYA NonFiction ‡g20.00
852 . ‡p32269001113250 ‡jYA 523.8 DeC ‡gYoung Adult - NonFiction ‡cYA NonFiction ‡y20.00 ‡bSBPL
901 . ‡a151059 ‡bUnknown ‡c151059 ‡tbiblio

Additional Resources